| 000 | 00410nam a2200145Ia 4500 | ||
|---|---|---|---|
| 008 | 220216s9999 xx 000 0 und d | ||
| 100 | _aIyayi A.F. | ||
| 245 | 0 | _aRubber seed processing for value added latex production in Nigeria | |
| 260 |
_bAfrican Journal of Agricultural Research _c2008 |
||
| 300 | _a505-509 | ||
| 700 | _aAkpaka P.O. | ||
| 700 | _aUkpeoyibo U. | ||
| 856 | _uCABCD 2008/7 | ||
| 942 | _cJS | ||
| 999 |
_c67993 _d67993 |
||